A piaristák szegedi drámajátékainak szinlapjai

Elmentve itt :
Bibliográfiai részletek
Szerző: Lugosi Döme
Dokumentumtípus: Könyv
Megjelent: Traub B. és Társa Szeged 1930
Kulcsszavak:Színjátszás - magyar, Szeged története, Piarista rend
Tárgyszavak:
Online Access:http://misc.bibl.u-szeged.hu/60350
LEADER 00793nam a2200193 i 4500
001 misc60350
005 20210809145023.0
008 210809s1930 hu o 0|| hun d
040 |a SZTE Miscellanea Repozitórium  |b hun 
041 |a hun 
100 1 |a Lugosi Döme 
245 1 2 |a A piaristák szegedi drámajátékainak szinlapjai  |h [elektronikus dokumentum] /  |c  Lugosi Döme 
260 |a Traub B. és Társa  |b Szeged  |c 1930 
300 |a 20 p.  |c 24 cm 
650 4 |a Bölcsészettudományok 
650 4 |a Művészetek (művészetek, művészettörténet, előadóművészetek, zene) 
650 4 |a Előadóművészet (zene, színháztudomány, dramaturgia) 
695 |a Színjátszás - magyar, Szeged története, Piarista rend 
856 4 0 |u http://misc.bibl.u-szeged.hu/60350/1/xb_67430.pdf  |z Dokumentum-elérés